000 00538nam a2200193Ia 4500
005 20260120132107.0
008 008 260114s9999 xx 000 0 eng d
020 _a9781383014334
037 _aEBOOK
040 _aCRL
_beng
_cCRL
041 _aeng
_2eng
084 _qCRL
100 _aKerchove
_9934872
245 0 _aLegal System Between Order and Disorder
260 _bOxford University PressOxford University Press
_c2023
856 _uhttps://academic.oup.com/book/50352
942 _cEBOOK
999 _c1526795
_d1526795